000 00435nam a22001337a 4500
020 _a9780070568358
040 _cNust
082 _a620.104076
_bCHE
100 _aJoseph F. Shelley
_9124462
245 _a800 Solved Problems in Vector Mechanics for Engineers Volume 1 Statics
260 _aNew York:
_bMcGraw-Hill,
_c1990.
650 _a800 Solved Problems in Vector Mechanics for Engineers Volume 1 Statics
_9124476
942 _2ddc
_cBK
999 _c610318
_d610318